Securing the UK's power supplies (Record no. 114387)

MARC details
000 -LEADER
fixed length control field 01158cad a22002535a 4500
001 - CONTROL NUMBER
control field L156723
008 - FIXED-LENGTH DATA ELEMENTS--GENERAL INFORMATION
fixed length control field 120629s2012 xxk f 000 0 eng d
035 ## - SYSTEM CONTROL NUMBER
System control number (Sirsi) u156723
041 0# - LANGUAGE CODE
Language code of text/sound track or separate title eng
110 2# - MAIN ENTRY--CORPORATE NAME
Corporate name or jurisdiction name as entry element Consumer Focus
9 (RLIN) 5920
245 00 - TITLE STATEMENT
Title Securing the UK's power supplies
Remainder of title How to do it successfully, sustainably and cost effectively
Medium [electronic resource]
260 ## - PUBLICATION, DISTRIBUTION, ETC.
Place of publication, distribution, etc. London
Name of publisher, distributor, etc. Consumer Focus
Date of publication, distribution, etc. 2012
520 ## - SUMMARY, ETC.
Summary, etc. Report criticises the Government's draft Energy Bill and existing energy efficiency policies in their current state which it is claimed will fail to deliver a secure, clean and affordable power sector for the UK as the Green Deal and ECO are not sufficient to meet the challenge of eliminating fuel poverty and ensuring affordabillity for all.
590 ## - LOCAL NOTE (RLIN)
Local note KA NTK
651 #4 - SUBJECT ADDED ENTRY--GEOGRAPHIC NAME
Geographic name United Kingdom
690 ## - LOCAL SUBJECT ADDED ENTRY--TOPICAL TERM (OCLC, RLIN)
Topical term or geographic name as entry element Energy
9 (RLIN) 6237
690 ## - LOCAL SUBJECT ADDED ENTRY--TOPICAL TERM (OCLC, RLIN)
Topical term or geographic name as entry element Sustainability
9 (RLIN) 6271
710 1# - ADDED ENTRY--CORPORATE NAME
Corporate name or jurisdiction name as entry element SSE
710 1# - ADDED ENTRY--CORPORATE NAME
Corporate name or jurisdiction name as entry element University of Exeter
710 1# - ADDED ENTRY--CORPORATE NAME
Corporate name or jurisdiction name as entry element Consumer Focus
9 (RLIN) 5920
710 1# - ADDED ENTRY--CORPORATE NAME
Corporate name or jurisdiction name as entry element WWF-UK
856 40 - ELECTRONIC LOCATION AND ACCESS
Uniform Resource Identifier <a href="https://assets.wwf.org.uk/downloads/power_supplies_communique.pdf">https://assets.wwf.org.uk/downloads/power_supplies_communique.pdf</a>
Public note View the report free of charge at www.heep://assets.wwf.org.uk
942 ## - ADDED ENTRY ELEMENTS (KOHA)
Suppress in OPAC 0
Holdings
Withdrawn status Lost status Source of classification or shelving scheme Damaged status Not for loan Home library Current library Shelving location Date acquired Total Checkouts Full call number Barcode Date last seen Copy number Price effective from Koha item type
    Dewey Decimal Classification     Virtual Virtual Online 29/06/2012   ONLINE PUBLICATION 156723-2001 06/08/2019 1 06/08/2019 Book